000 00491nam a2200193 a 4500
001 5666
003 CO-ViMGA
008 141112s2004 ck r 000 u spa d
040 _aCO-ViMGA
_bspa
_cCO-ViMGA
082 0 4 _aR721 S245
100 1 _aSchmitt, Heinrich
_94088
245 1 0 _aTratado de construcción
250 _a6a
260 _aBarcelona :
_bGustavo Gili,
_c1995
300 _a635 p : il
590 _aEjemplares : 2
650 1 4 _aCONSTRUCCION - TRATADOS
_94089
942 _2ddc
_cBK
999 _c17647
_d17647